| 000 | 00516nam a2200217Ia 4500 | ||
|---|---|---|---|
| 008 | 161112s9999 xx 000 0 und d | ||
| 020 | _a978-1-84476-431-0 | ||
| 050 | _aCUL TX 809.N65 | ||
| 050 | _b.C43 2006 | ||
| 100 | _aChan, Kit. | ||
| 245 | 0 | _a70 simple noodle recipes / | |
| 245 | 0 | _cKit Chan. | |
| 260 | _aLondon : | ||
| 260 | _bSouthwater, | ||
| 260 | _c2006 | ||
| 300 | _a96 pages : | ||
| 300 | _bcolor illustrations ; | ||
| 300 | _c28 cm. | ||
| 500 | _aIncludes index. | ||
| 650 | _aNoodles. | ||
| 999 |
_c305215 _d305215 |
||